|
|
|
|
| LEADER |
00000naa a2200000 a 4500 |
| 001 |
vtls010258930 |
| 003 |
SK-MaSNL |
| 005 |
20260302132642.0 |
| 008 |
11030231c2008 xo o |0||||||||0|||b|sl |
| 015 |
|
|
|a SNBRA2009/07
|
| 035 |
|
|
|a SVKKK000096756
|
| 038 |
|
|
|a SVKKK
|
| 040 |
|
|
|a SVKKK
|b slo
|c SVKKK
|e AACR2
|
| 041 |
0 |
|
|a slo
|
| 044 |
|
|
|a xo
|c SK
|
| 080 |
|
|
|a 659.118
|2 1997
|
| 080 |
|
|
|a 366.636
|2 1997
|
| 080 |
|
|
|a 364.272
|2 1997
|
| 100 |
1 |
|
|a Čusová, Andrea
|4 aut
|9 331613
|
| 245 |
1 |
0 |
|a Médiá a ich vplyv na závislosti
|c Andrea Čusová
|
| 650 |
0 |
7 |
|a médiá
|x reklama
|x závislosti
|2 snkbucl
|9 818138
|
| 650 |
0 |
7 |
|a mediálna výchova
|2 snkbucl
|9 69210
|
| 650 |
0 |
7 |
|a alkoholizmus
|2 snkbucl
|9 14184
|
| 773 |
0 |
|
|t Alkohol, drogy, závislosti - čo s nimi? : odborný seminár pri príležitosti osláv Dňa abstinencie a zdravého života v Prešove
|d Prešov : Prešovská univerzita, 2008
|g S. 63-67
|z 9788080688509
|
| 852 |
|
|
|a SVKKK
|b BIB
|
| 999 |
|
|
|c 1313913
|d 1315843
|